| 000 | 00599cam a2200229Ii 4500 | ||
|---|---|---|---|
| 999 |
_c5497 _d5497 |
||
| 001 | 2306436 | ||
| 003 | OCoLC | ||
| 005 | 20190104134720.0 | ||
| 008 | 760712s1974 ilua j 000 1 eng d | ||
| 010 | _a74002939 | ||
| 020 | _a0802441890 (pbk.) : | ||
| 020 | _a9780802441898 (pbk.) | ||
| 035 | _a(OCoLC)2306436 | ||
| 040 |
_aMZN _cMZN _dOCLCQ _dMZN |
||
| 082 |
_a813.54 _bG761I |
||
| 090 |
_aPZ7.G7673 _bI9 1974 |
||
| 100 | 1 | _aGrant, Myrna | |
| 245 | 1 | 0 |
_aIvan and the informer / _cby Myrna Grant |
| 260 |
_aChicago : _bMoody, _c1974 |
||
| 300 |
_a93 p. : _bill. ; _c19 cm |
||
| 942 |
_2ddc _cBK |
||